Регионална библиотека "Любен Каравелов" - Русе

Жертвата на престъплението (Запис номер 412)

MARC детайли
000 -Лидер
Контролно поле с фиксирана дължина nam a22 a 4500
003 - Код на организацията, давaща контролен номер
Контролно поле BLK
005 - Дата и час на последна редакция
Контролно поле 20230504161934.0
008 - Елементи от данни с фиксирана дължина
fixed length control field 180412b bul|||||r ||||||| ||bul||
010 ## - Наследен системен номер
LC control number KNG00000652000
020 ## - Международен стандартен номер на книга ISBN
Международен стандартен номер на книга ISBN 954-07-0309-3
040 ## - Източник на каталожния запис
Идентификатор на билиотеката - собственик на записа BLK
041 ## - Код за език
Код за езика на текст/звукозапис или на отделно заглавие Български
Код за езика КДБФ Български
080 ## - УДК
Текстов определител УДК Наказателно право. Наказателен процес. Учение за престъплението. Криминология. Вж и 341.4 ; 344 ; 348
УДК код - определител по УДК 343
УДК - код + определител 343
100 1# - Редна дума - Автор
Автор Стойнов, Александър Иванов
Авторска отговорност първи автор
R(LIN) 242349
139 ## - Редно поле
Редна дума Стойнов, Александър Иванов
Авторски знак Стоин - С 81
245 10 - Сведения за заглавието
Заглавие Жертвата на престъплението
Подзаглавни данни Изследване
Редно поле (дума) Александър Иванов Стойнов.
257 ## - Страна на издаване
Страна на създаване/издаване България
260 ## - Област на издателските данни
Място на издаване, разпространение и проч. София
Име на издателя, разпространителя и проч. Унив. изд. Св. Климент Охридски
Година на издаване 1993
300 ## - Физическа характеристика
Страници 203 с.
Размери/Мащаб 20 см
380 ## - Жанр
Жанр Обществени науки
500 ## - Общи забележки
Забележка 2 000 тир. - Библиогр. с. 195-199
504 ## - Забележка за наличие на библиография и др
Забележка за наличие на библиография и под. 195-199
650 #4 - Допълнително описание по предмет – тема
Основно описание – тема или топоним Престъпления - роля на потърпевшия и наказателноправна защита
9 (RLIN) 242350
653 ## - Ключова дума – ненормативна
Ключова дума престъпления
653 ## - Ключова дума – ненормативна
Ключова дума жертви
653 ## - Ключова дума – ненормативна
Ключова дума наказателно право
852 ## - Местоположение
Форматна сигнатура Цб 174584
Фондова буква Хранилище
856 4# - Електронен адрес и достъп
Електронен формат pdf - файл
Път до файла /url/
Инструкция (цена за достъп) 0.00
Права за достъп disable
856 4# - Електронен адрес и достъп
Електронен формат pdf - файл
Път до файла /url/
Инструкция (цена за достъп) 0.00
Права за достъп disable
999 ## - СИСТЕМНИ КОНТРОЛНИ НОМЕРА
Koha biblionumber 412
Koha biblioitemnumber 412
942 ## - АРТИКУЛИ
Вид на библиотечния материал Книги
Скрит в OPAC Не
Koha issues (borrowed), all copies 4
Периодичен библиозапис Да
944 ## - СЪЗДАВАНЕ И РЕДАКЦИЯ на ЗАПИСА
Създаване/Редакция Създаване
Дата на регистрацията/редакция 15.01.2003
Служител, извършил регистрацията/редакцията Геновева_Генчева
944 ## - СЪЗДАВАНЕ И РЕДАКЦИЯ на ЗАПИСА
Създаване/Редакция Редакция
Дата на регистрацията/редакция 17.06.2004
999 ## - СИСТЕМНИ КОНТРОЛНИ НОМЕРА
Koha biblioitemnumber 412
Наличности
Код за отписване Код за изгубен артикул Източник на класификационната схема Код за повреда Коз за рестрикции Код за отдаване Артикулен № Име на библиотеката - собственик Име на библиотеката, в която се намира в момента Статус (Текущо местоположение) Дата на вписване в системата Местоположение - отдел Цена в лева Инвентарен номер Систематично азбучна сигнатура Баркод Номер на екземпляра Цена в евро Служебна бележка Служебен тип на артикула
  Не е изгубен Universal Decimal Classification Не е повреден без рестрикции ползва се в читалня 793 Регионална библиотека "Любен Каравелов" Русе Регионална библиотека "Любен Каравелов" Русе Хранилище 1993-01-01 Хранилище 0.98 600464 Цб 174584 120000600464 1 0.50 Дост: Dp Вид: Д N: 8 Дата: 01.01.1993 Книги
  Не е изгубен Universal Decimal Classification Не е повреден без рестрикции заемане за дома 794 Регионална библиотека "Любен Каравелов" Русе Регионална библиотека "Любен Каравелов" Русе Заемна - подръчен фонд 1993-01-01 Заемна - подръчен фонд 49.00 594518 П 343/С 81 120000594518 2 25.05 Дост: Pk Вид: Ф N: стар фонд Дата: 01.01.1993 Дата инв: 05.02.2018 Бележки инв: П2018 Книги
Изтеглен Не е изгубен Universal Decimal Classification Не е повреден без рестрикции заемане за дома 795 Регионална библиотека "Любен Каравелов" Русе Регионална библиотека "Любен Каравелов" Русе Заемна - подръчен фонд 1993-01-01 Заемна - подръчен фонд 3.43 594519 П 343/С 81 594519 3 1.75 Дост: Pk Вид: Ф N: стар фонд Дата: 01.01.1993 Книги
Изтеглен Не е изгубен Universal Decimal Classification Не е повреден без рестрикции заемане за дома 796 Регионална библиотека "Любен Каравелов" Русе Регионална библиотека "Любен Каравелов" Русе Заемна - подръчен фонд 1993-01-01 Заемна - подръчен фонд 5.00 657779 П 343/С 81 657779 4 2.56 Дост: Pk Вид: Ф N: стар фонд Дата: 01.01.1993 Книги
  Не е изгубен Universal Decimal Classification Не е повреден без рестрикции заемане за дома 797 Регионална библиотека "Любен Каравелов" Русе Регионална библиотека "Любен Каравелов" Русе Заемна - подръчен фонд 1993-01-01 Заемна - подръчен фонд 5.00 657780 П 343/С 81 120000657780 5 2.56 Дост: Pk Вид: Ф N: стар фонд Дата: 01.01.1993 Дата инв: 07.02.2018 Бележки инв: П2018 Книги
  Не е изгубен Universal Decimal Classification Не е повреден без рестрикции заемане за дома 798 Регионална библиотека "Любен Каравелов" Русе Регионална библиотека "Любен Каравелов" Русе Заемна - подръчен фонд 1993-01-01 Заемна - подръчен фонд 5.00 657781 П 343/С 81 120000657781 6 2.56 Дост: Pk Вид: Ф N: стар фонд Дата: 01.01.1993 Дата инв: 05.02.2018 Бележки инв: П2018 Книги
Изтеглен Не е изгубен Universal Decimal Classification Не е повреден без рестрикции заемане за дома 799 Регионална библиотека "Любен Каравелов" Русе Регионална библиотека "Любен Каравелов" Русе Заемна - подръчен фонд 1993-01-01 Заемна - подръчен фонд 5.00 657782 П 343/С 81 657782 7 2.56 Дост: Pk Вид: Ф N: стар фонд Дата: 01.01.1993 Дата инв: 05.02.2018 Бележки инв: П2018 Книги
  Не е изгубен Universal Decimal Classification Не е повреден без рестрикции ползва се в читалня 800 Регионална библиотека "Любен Каравелов" Русе Регионална библиотека "Любен Каравелов" Русе Читалня 1993-01-01 Читалня 5.00 657783 Ч 343/С 81 120000657783 8 2.56 Дост: Pk Вид: Ф N: стар фонд Дата: 01.01.1993 Дата инв: 14.03.2017 Бележки инв: Ч2017 Книги
Vip Innovations Ltd, Rousse, Bulgaria 2025